Search the Library Catalogue
| 000 -LEADER | |
|---|---|
| fixed length control field | 00422nam a2200133 a 4500 |
| 008 - FIXED-LENGTH DATA ELEMENTS--GENERAL INFORMATION | |
| fixed length control field | 260311s2026##################000#0#eng## |
| 020 ## - INTERNATIONAL STANDARD BOOK NUMBER | |
| ISBN | 9780691121130 |
| Paper back/Hardbound | hbk |
| 041 ## - LANGUAGE CODE | |
| Language code of text/sound track or separate title | Eng |
| 082 04 - DEWEY DECIMAL CLASSIFICATION NUMBER | |
| Classification number | 362.17820917 KRE |
| 245 10 - TITLE STATEMENT | |
| Title | Strong medicine |
| Sub Title | creating incentives for pharmaceutical research on neglected diseases |
| Statement of responsibility, etc | by Michael Kremer and Rachel Glennerster |
| 250 ## - EDITION STATEMENT | |
| Edition statement | 1st ed. |
| 942 ## - ADDED ENTRY ELEMENTS (KOHA) | |
| Koha item type | English Books |
| Withdrawn status | Lost status | Damaged status | Not for loan | Home library | Current library | Shelving location | Date acquired | Full call number | Accession Number | Price effective from | Koha item type |
|---|---|---|---|---|---|---|---|---|---|---|---|
| Anna Centenary Library | Anna Centenary Library | 4TH FLOOR, A WING | 11.03.2026 | 362.17820917 KRE | 168574 | 11.03.2026 | English Books |